000 002380000a22000970004500
100 1 _aMitchell, Bill
245 1 0 _aTemplos de hielo
300 _aVol. 57, Núm 257 (2002), Páginas 9-12
773 0 _tLa Biblia de las Américas
942 _cANA
999 _c51690
_d51690